| 000 | 00859nam a2200205Ia 4500 | ||
|---|---|---|---|
| 003 | GCL | ||
| 008 | 140319s9999 xx 000 0 ara d | ||
| 040 |
_aGCL / _cGCL |
||
| 082 | 0 | 4 |
_a354.02 _bم ح |
| 100 | 1 | _aمجدى محب حافظ | |
| 245 | 1 | 0 |
_aالحماية الجنائية لاسرار الدولة: دراسة تحليلية تآصيليه لجرائم الخيانة والتجسس فى القانون المصرى والشريعة الاسلامية والقانون المقارن / _cمجدى محب حافظ |
| 300 | _a635 ص | ||
| 490 |
_aالهيئة العامة للاستعلامات _v0 |
||
| 650 | 0 | 4 | _aالقانون الجنائى |
| 650 | 0 | 4 | _aالقانون |
| 650 | 0 | 4 | _aقانون الاجراءات الجنائية |
| 650 | 0 | 4 | _aالجنايات |
| 650 | 0 | 4 | _aالقانون الجنائى الدولى |
| 942 |
_2ddc _cBK |
||
| 999 |
_c50053 _d50053 |
||